Sports Quiz

Random Sports Quiz

Philadelphia Phillies 1,000 Hits Quiz Stats

 Plays Quiz not verified by Sporcle

Challenge
Share
Tweet
Embed
Score 0/33 Timer 04:00
0 Plays Today
Hits Player % Correct
2,234Mike Schmidt
97%
2,306Jimmy Rollins
95%
1,350Ryan Howard
90.6%
2,217Richie Ashburn
82%
1,299Greg Luzinski
79%
1,474Bobby Abreu
73%
1,553Cy Williams
72%
1,166Pat Burrell
72%
1,798Larry Bowa
69%
1,603Chase Utley
69%
1,705Chuck Klein
65%
1,333Gary Maddox
65%
1,143Dick Allen
64%
1,137Mike Lieberthal
61%
2,213Ed Delahanty
57%
1,812Del Ennis
55%
1,400Willie Jones
52%
Hits Player % Correct
1,438Johnny Callison
50%
1,173Von Hayes
50%
1,511Tony Taylor
40%
1,518Granny Hamner
35%
1,054Gavvy Cravath
34%
1,469Sam Thompson
32%
1,647Sherry Magee
28%
1,079Billy Hamilton
22%
1,110Tony Gonzalez
19%
1,364Roy Thomas
17%
1,322Fred Luderus
17%
1,329Pinky Whitney
7%
1,077Mickey Doolan
3%
1,209John Titus
2%
1,179Bill Hallman
2%
1,074Jack Clements
2%

You're not logged in!

Compare scores with friends on all Sporcle quizzes.
OR
Log In

You Might Also Like...

Show Comments

Extras

Top Quizzes Today


Score Distribution

Your Account Isn't Verified!

In order to create a playlist on Sporcle, you need to verify the email address you used during registration. Go to your Sporcle Settings to finish the process.

Report this User

Report this user for behavior that violates our Community Guidelines.

Details: